000 00565nam a22001817a 4500
005 20240109152531.0
008 190604b xxu||||| |||| 00| 0 eng d
020 _a978-93-88897-16-7
041 _aeng
082 _a615.321
_bGOK-T
100 _aGOKHALE, S. B. KOKATE Dr. C.K , TATIYA Dr. A.U AND KALASKAR,DR. M.G.
_98355
245 _aA TEXTBOOK OF PHARMACOGNOSY AND PHYTOCHEMISTRY - I [ SECOND YERA B. PHARMA SEMESTER-IV]
250 _a1st , Ed. 2019
260 _aPUNE
_bNIRALI PRAKASHAN
300 _a11.51p,
650 _aPHARMACY
_xB.PHARMA
942 _cBK
999 _c5941
_d5939